00701nam a22002177a 450000500170000001000130001702000190003003500130004903700160006204000120007808200190009010000220010924500720013124600060020326000500020927000530025930000250031250000610033765000400039865000450043820170124105918.0 aA-943822 a8176480223c00 aA-943822 bCen Lib/Ret aDPLbEN a371.82625bKIN aKinjaram, Ramaiah aEducational performance of sceduled castes /cby Ramaiah Kinjaram  b  bAPH Publishing Corporation c1998aNew Delhi  bNew Delhi a 5, ansari road dariya ganj e110002 axvi, 163p.c21cm(Hb) aIncludes appendix, bibliographical references and index  aHigher Education xSceduled castes  aSocio-Economic Status xSchedule castes